Normal view
MARC view
Entry Personal Name
001 - CONTROL NUMBER
- control field: 70608
003 - CONTROL NUMBER IDENTIFIER
- control field: dpl
005 - DATE AND TIME OF LATEST TRANSACTION
- control field: 20240827160403.0
008 - FIXED-LENGTH DATA ELEMENTS
- fixed length control field: 240827|| aca||aabn | a|a d
040 ## - CATALOGING SOURCE
- Original cataloging agency: dpl
- Transcribing agency: dpl
100 ## - HEADING--PERSONAL NAME
- Personal name: Chatterjee, Partha
670 ## - SOURCE DATA FOUND
- Source citation: Work cat.: (dpl)205316: Chatterjee, Partha, I Am the People:, 2020
